000 00716nam a2200217 a 4500
001 000034372
005 20200930073649.0
008 100223s2008 dr a 000 d spa d
020 _a9789945408157
040 _aDO-SdBNP
_bspa
_cBNPHU
082 _a862.3
_bC146v
100 1 _aCalderón de la Barca, Pedro,
_d1600-1681
_95547
245 1 3 _aLa vida es sueño /
_cPedro Calderón de la Barca.
260 _aSanto Domingo :
_bSantuario,
_c2008.
300 _a149 p. :
_bil. ;
_c21 cm.
490 1 _aSantuario infantil
504 _aIncluye referencias bibliográficas y notas al pie de las páginas.
650 4 _aTeatro español
_93071
650 4 _aLiteratura española
_9632
830 0 _aSantuario infantil
_955663
999 _c33863
_d33863